Statistics for NFL Legends Quiz - 2 Minute Drill

Click here to take the quiz!

General Stats

  • This quiz has been taken 114 times
  • The average score is 12 of 14

Answer Stats

Jersey Nr.TeamRetiredAnswer% Correct
9New Orleans SaintsNoDrew Brees
96%
87Tampa Bay BuccaneersNoRob Gronkowski
95%
52Baltimore RavensYesRay Lewis
94%
12Tampa Bay BuccaneersNoTom Brady
94%
18Indianapolis ColtsYesPeyton Manning
91%
16San Francisco 49ersYesJoe Montana
88%
7Pittsburgh SteelersNoBen Roethlisberger
84%
32Cleveland BrownsYesJim Brown
84%
84Minnesota VikingsYesRandy Moss
84%
20Baltimore RavensYesEd Reed
79%
34Chicago BearsYesWalter Payton
79%
43Pittsburgh SteelersYesTroy Polamalu
76%
92New York GiantsYesMichael Strahan
75%
34Oakland RaidersYesBo Jackson
73%

Score Distribution

Percentile by Number Answered

Percent of People with Each Score

Your Score History

You have not taken this quiz